<?xml version="1.0" encoding="UTF-8"?>
<record
    xmlns:xsi="http://www.w3.org/2001/XMLSchema-instance"
    xsi:schemaLocation="http://www.loc.gov/MARC21/slim http://www.loc.gov/standards/marcxml/schema/MARC21slim.xsd"
    xmlns="http://www.loc.gov/MARC21/slim">

  <leader>00943nam2a22002531  4500</leader>
  <controlfield tag="001">rc\265320</controlfield>
  <controlfield tag="005">20250612174739.0</controlfield>
  <datafield tag="035" ind1=" " ind2=" ">
    <subfield code="a">(NLR Aleph) 008762124</subfield>
  </datafield>
  <datafield tag="090" ind1=" " ind2=" ">
    <subfield code="a">7871798</subfield>
    <subfield code="c">7871798</subfield>
  </datafield>
  <datafield tag="100" ind1=" " ind2=" ">
    <subfield code="a">20030307d1993    |||y0rusy50      ca</subfield>
  </datafield>
  <datafield tag="101" ind1="0" ind2=" ">
    <subfield code="a">rus</subfield>
  </datafield>
  <datafield tag="102" ind1=" " ind2=" ">
    <subfield code="a">RU</subfield>
  </datafield>
  <datafield tag="105" ind1=" " ind2=" ">
    <subfield code="a">a   |||||||||</subfield>
  </datafield>
  <datafield tag="200" ind1="0" ind2=" ">
    <subfield code="a">&#x41A;&#x43D;. 2</subfield>
    <subfield code="f">&#x41F;&#x435;&#x440;. &#x410;. &#x41C;&#x435;&#x434;&#x432;&#x435;&#x434;&#x435;&#x432;&#x430;</subfield>
  </datafield>
  <datafield tag="210" ind1=" " ind2=" ">
    <subfield code="d">1993</subfield>
    <subfield code="a">&#x411;. &#x43C;.</subfield>
  </datafield>
  <datafield tag="215" ind1=" " ind2=" ">
    <subfield code="a">432 &#x441;.</subfield>
    <subfield code="c">&#x438;&#x43B;.</subfield>
  </datafield>
  <datafield tag="225" ind1="1" ind2=" ">
    <subfield code="a">...</subfield>
    <subfield code="v">&#x412;&#x44B;&#x43F;. 10</subfield>
  </datafield>
  <datafield tag="461" ind1=" " ind2="0">
    <subfield code="1">001rc\265318</subfield>
    <subfield code="1">2001#$a&#x410;&#x440;&#x43C;&#x430;&#x433;&#x435;&#x434;&#x434;&#x43E;&#x43D;$e[&#x420;&#x43E;&#x43C;&#x430;&#x43D;$e&#x41F;&#x435;&#x440;&#x435;&#x432;&#x43E;&#x434;$f&#x425;&#x443;&#x434;&#x43E;&#x436;. &#x410;.&#x41D;. &#x41C;&#x438;&#x440;&#x43E;&#x43D;&#x43E;&#x432;]$v&#x41A;&#x43D;. 2</subfield>
    <subfield code="1">700#1$a&#x41A;&#x438;&#x43D;&#x433;$b&#x421;.$g&#x421;&#x442;&#x438;&#x432;&#x435;&#x43D;$f1947-$3RU\NLR\AUTH\77848</subfield>
    <subfield code="9">7974395</subfield>
    <subfield code="a">&#x41A;&#x438;&#x43D;&#x433;, &#x421;. (1947-)</subfield>
    <subfield code="c">&#x416;&#x443;&#x43A;&#x43E;&#x432;&#x441;&#x43A;&#x438;&#x439;</subfield>
    <subfield code="d">1993</subfield>
    <subfield code="f">&#x425;&#x443;&#x434;&#x43E;&#x436;. &#x410;.&#x41D;. &#x41C;&#x438;&#x440;&#x43E;&#x43D;&#x43E;&#x432;]</subfield>
    <subfield code="n">&#x41A;&#x44D;&#x434;&#x43C;&#x44D;&#x43D;</subfield>
    <subfield code="o">[&#x420;&#x43E;&#x43C;&#x430;&#x43D; : &#x41F;&#x435;&#x440;&#x435;&#x432;&#x43E;&#x434;</subfield>
    <subfield code="t">&#x410;&#x440;&#x43C;&#x430;&#x433;&#x435;&#x434;&#x434;&#x43E;&#x43D;</subfield>
    <subfield code="v">&#x41A;&#x43D;. 2</subfield>
  </datafield>
  <datafield tag="801" ind1=" " ind2="0">
    <subfield code="a">RU</subfield>
    <subfield code="b">NLR</subfield>
    <subfield code="g">psbo</subfield>
  </datafield>
  <datafield tag="801" ind1=" " ind2="1">
    <subfield code="a">RU</subfield>
    <subfield code="b">ELAR</subfield>
    <subfield code="2">rusmarc</subfield>
  </datafield>
  <datafield tag="852" ind1=" " ind2=" ">
    <subfield code="a">NLR</subfield>
    <subfield code="j">93-5/1321</subfield>
  </datafield>
  <datafield tag="942" ind1=" " ind2=" ">
    <subfield code="c">BOOK</subfield>
  </datafield>
  <datafield tag="980" ind1=" " ind2=" ">
    <subfield code="a">NB</subfield>
  </datafield>
  <datafield tag="995" ind1=" " ind2=" ">
    <subfield code="5">2013-10-26</subfield>
    <subfield code="b">NLR01</subfield>
    <subfield code="c">NLR01</subfield>
    <subfield code="e">RF91</subfield>
    <subfield code="f">8762124-10</subfield>
    <subfield code="k">93-5/1321</subfield>
    <subfield code="o">0</subfield>
    <subfield code="r">BOOK</subfield>
    <subfield code="s">9351321_</subfield>
  </datafield>
</record>
